02730nam a2200277 a 4500003000500000005001700005007001500022008004100037035001100078040000900089100002800098245022200126264004100348300005800389336002700447337003000474338003800504502003800542520167100580650002602251650002402277650002402301650002902325700004502354856005302399CHAP20240830091229.0cr ||||||a|c|a101025s2010 mx r 00010 spa d a111198 cCHAP1 aRivera Zabala, Noemí.10aEvaluación del comportamiento temporal de enfermedades, en diez genotipos de frijol (Phaseolus vulgaris L.) tipo flor de mayo en Chapingo, Méxicoc/por Noemí Rivera Zabala; director Guillermo Mondragón Pedrero 1aChapingo, Méx. :bEl autor,c2010. a1 recurso en línea (98 páginas):bCuadro, figuras 2rdacontentatextobtxt 2rdamedia acomputadorabc 2rdacarrierarecursos en lineabcr bIAEPAcParasitologíad2010gLIC aEl mejoramiento genético de cultivos es una estrategia de control utilizada para reducir las pérdidas causadas por plagas y enfermedades, por lo que la evaluación de los genotipos resultantes es indispensable; esta evaluación se realiza comparando dichos genotipos con variedades comerciales, así como observar la respuesta que los nuevos genotipos tengan a las enfermedades comunes de la especie que se trata, por tal razón, el presente trabajo se llevó a cabo con el objeto de obtener variedades, mejorando la calidad sanitaria y el rendimiento, seleccionando los genotipos tolerantes a las enfermedades. El experimento consistió en evaluar la incidencia y severidad de enfermedades de diez genotipos de frijol tipo flor de mayo. En donde las principales enfermedades evaluadas fueron: Roya (Uromyces phaseoli Var. Typica Arth o Uromyces appendiculatus), Antracnosis (Colletotrichum lindemithianum (Sacc y Magn)Serib), Mancha angular (Isariopsis griseola Sacc), Cercospora canescens, Pudrición de raíz (Rhizoctonia solani Kuhn.), Marchitez o amarillamiento (Fusarium oxysporum Schlech f. sp. phaseoli), Tizón de halo (Pseudomonas phaseolicola Dowson) y Tizón común (Xanthomonas phaseoli Dowson ). Observándose que todos los genotipos presentaron bajos porcentajes de incidencia y severidad de las distintas enfermedades, además de que no hubo diferencias significativas en la reacción a las enfermedades entre las líneas avanzadas y las variedades comerciales testigo, lo que nos indica que todos los genotipos estudiados pueden ser seleccionados por su grado de tolerancia a las enfermedades más comunes del cultivo del frijol.04aFrijolxEnfermedades.04aFrijolxGenética.04aFrijolxVariedades.04aFrijolzMéxico (Edo.).1 aMondragón Pedrero, GuillermoeDirector uhttp://10.13.5.2/tesis/111198.pdfzDESCARGAR PDF